Writing scientific papers in English : an ELSE-Ciba Foundation guide for authors /
Guardado en:
| Autor Principal: | |
|---|---|
| Autor Corporativo: | |
| Otros Autores: | |
| Formato: | Libro |
| Idioma: | English |
| Publicado: |
Tunbridge Wells, England :
Pitman Medical,
1978.
|
| Etiquetas: |
Agregar Etiqueta
Sin Etiquetas, Sea el primero en etiquetar este registro!
|
| LEADER | 00803nam a22001815a 4500 | ||
|---|---|---|---|
| 001 | MAT.inmabb002841 | ||
| 008 | 050921s1978####enka#####b####001#0#eng#d | ||
| 005 | 20170504115041.0 | ||
| 245 | 1 | 0 | |a Writing scientific papers in English : |b an ELSE-Ciba Foundation guide for authors / |c Maeve O'Connor and F. Peter Woodford. |
| 260 | |a Tunbridge Wells, England : |b Pitman Medical, |c 1978. | ||
| 300 | |a vii, 108 p. : |b il. ; |c 22 cm. | ||
| 500 | |a "Sponsored by the International Union of Biological Sciences, the International Union of Geological Sciences, and EDITERRA". | ||
| 504 | |a Bibliografía: p. 99-101. | ||
| 020 | |a 0272795151 | ||
| 100 | 1 | |a O'Connor, Maeve. | |
| 700 | 1 | |a Woodford, F. Peter, |d 1930- | |
| 710 | 2 | |a European Association of Editors of Biological Periodicals. | |
| 859 | |h 00A20 |i Oc18w |p A-5397 |b BIB. MATEMATICA | ||
